| 000 | 00834nam a22002897a 4500 | ||
|---|---|---|---|
| 003 | CHAP | ||
| 005 | 20220329140955.0 | ||
| 008 | 971013s1952 r 00010 d | ||
| 010 | _a60752 | ||
| 011 | _a61724 | ||
| 035 | _a65892 | ||
| 040 | _cCHAP | ||
| 082 |
_a512.897 _bS8 |
||
| 100 | 0 | 0 |
_aStoll, Robert R. _9109866 |
| 245 | _aLinear algebra and matrix theory | ||
| 260 |
_aNew York : _bMcGraw-Hill, _c1952 |
||
| 300 | _a272 p. | ||
| 590 |
_aBATCH-UPD _b10 _c20130110 _lUCH01 _h0836 |
||
| 590 |
_aBATCH-UPD _b10 _c20130410 _lUCH01 _h0514 |
||
| 590 |
_aBATCH-UPD _b10 _c20130914 _lUCH01 _h1804 |
||
| 590 |
_aCONVERSION _b10 _c20130109 _lUCH01 _h1333 |
||
| 650 | 1 | 4 |
_aÁlgebra lineal. _982392 |
| 650 | 1 | 4 |
_aMatrices. _973047 |
| 901 | _aBK | ||
| 942 | _cLIBRO | ||
| 949 |
_a512.897 S8 _bBC _cLIBRO _d33724000404364 _eLIBRO _h28214 _i65892 _si |
||
| 999 |
_c60752 _d60752 |
||